Statistics for ‘C’ General Knowledge

Click here to take the quiz!

General Stats

  • This quiz has been taken 41 times
  • The average score is 11 of 15

Answer Stats

HintAnswer% Correct
A hundred yearsCentury
97%
The most shipped drug across the USCocaine
90%
More than one cactusCacti
87%
A Russian astronaut is better known as a what?Cosmonaut
87%
What element is Diamond made from?Carbon
85%
In Greek Mythology, what is the name for a half-horse, half-human?Centaur
82%
The polar bear is the famous mascot of what soda company?Coca Cola
79%
What city is ‘The Bean’ located in?Chicago
72%
Tenerife and Lanzarote are islands from what archipelago?Canary Islands
67%
The clavicle is the medical name for what bone?Collarbone
67%
What’s the name for a church that is instead ran by a bishop?Cathedral
62%
What is a small, icy body called that orbits a sun?Comet
59%
Colonel Mustard, Miss Peacock are characters from what board game?Cluedo
56%
The largest castle in the world is located in this countryCzechia
49%
What is a sharp turn in a road also known as?Chicane
15%

Score Distribution

Percentile by Number Answered

Percent of People with Each Score

Your Score History

You have not taken this quiz